| 000 | 00628nam a22002055i 4500 | ||
|---|---|---|---|
| 001 | 173527 | ||
| 003 | ES-MaACL | ||
| 005 | 20250816062553.0 | ||
| 008 | 091204s1967 fr |||| | fre d | ||
| 080 | _a111.852 | ||
| 100 | 1 |
_aDufrenne, Mikel. _945915 |
|
| 245 | 1 | 0 |
_aEsthétique et philosophie / _cMikel Dufrenne. |
| 260 |
_aParis : _bKlincksieck, _c1967. |
||
| 300 |
_a212 p. ; _c23 cm. |
||
| 490 | 1 |
_aCollection desthétique ; _v1 |
|
| 650 | 7 |
_aEstética _2embne _9142387 |
|
| 830 | 0 |
_aCollection desthétique ; _v1 _9223562 |
|
| 852 |
_aES-MaACL _jE-13206 _z.- Donativo doctor Calles |
||
| 999 |
_c173527 _d173527 |
||